000 00686nam a2200217 a 4500
001 43766
003 BD-RjUL
005 20211209053742.0
008 160627s1969 ii a|||| |||| 00| 0 eng d
035 _a(BD-RjUL)43884
040 _aBD-RjUL
_beng
_cBD-RjUL
041 _aeng
082 _a338.10954
_bSEA 1969
100 _aSen, P. K.
_9134520
245 1 0 _aAgro-economic studies on intensive cultural practices in small holdings /
_cP K Sen, P C Sengupta
260 _aCalcutta :
_bUniversity of Calcutta,
_c1969
300 _av, 278 p. :
_bill. ;
_c24 cm.
650 _aAgriculture
_xEconomic aspects
_zIndia
_zBurdwān
_9134521
700 _aSengupta, P. C.
_9134522
942 _2ddc
_cBK
999 _c43766
_d43766